Visualizzazione normale
Vista MARC
- Stanczak A.
di Personal Name
Records bibliografici associati: 1
001 - CONTROL NUMBER
- control field: 24443
003 - CONTROL NUMBER IDENTIFIER
- control field: IT-RoPau
005 - DATE AND TIME OF LATEST TRANSACTION
- control field: 20140511102331.0
008 - FIXED-LENGTH DATA ELEMENTS
- fixed length control field: 140511|| aca||aabn | a|a d
040 ## - CATALOGING SOURCE
- Original cataloging agency: IT-RoPau
- Transcribing agency: IT-RoPau
100 ## - HEADING--PERSONAL NAME
- Personal name: Stanczak A.
- Dates associated with a name: Codice autore SPICS: 25145
- Relator term: Autore
- Name of part/section of a work: Na Skrzyzowaniu Ulic
670 ## - SOURCE DATA FOUND
- Source citation: Work cat.: (IT-RoPau)99732: AA.VV. 794, Jeszcze Mlodsza Generacja (Lp Sx-T-51)